Statistics for North American Capital Cities by Picture

Click here to take the quiz!

General Stats

  • This quiz has been taken 17 times
  • The average score is 8 of 23

Answer Stats

Answer% Correct
Washington, D.C..
100%
Havana
82%
Mexico City
65%
Ottawa
53%
Panama City
47%
Guatemala City
41%
Nassau
35%
Tegucigalpa
35%
Kingston
29%
San Jose
29%
San Salvador
29%
Belmopan
24%
Bridgetown
24%
Managua
24%
Basseterre
18%
Castries
18%
Kingstown
18%
Port-au-Prince
18%
Port of Spain
18%
Roseau
18%
Santo Domingo
18%
St. George's
18%
St. John's
18%

Score Distribution

Percentile by Number Answered

Percent of People with Each Score

Your Score History

You have not taken this quiz